Sketch of a plan for the perpetual prevention of dearth and scarcity of provisions in Great Britain and Ireland : in a letter to the Right Honourable Henry Addington ... /

Bibliographic Details
Main Author: Heron, Robert, 1764-1807
Other Authors: Sidmouth, Henry Addington, Viscount, 1757-1844
Format: eBook
Language:English
Series:Making of the modern world (Goldsmiths'-Kress Library of Economic Literature)
Subjects:
Online Access:Connect to the full text of this electronic book

MARC

Tag First Indicator Second Indicator Subfields
LEADER 00000cam a2200000Ia 4500
001 in00002273321
005 20190326184721.0
006 m | d |
007 cr |n||||||||n
008 870825s1802 enk s 000 0 eng d
040 |a TXA  |c GKR  |d OCL  |d Thomson Gale  |d UtOrBLW 
043 |a e-uk--- 
100 1 |a Heron, Robert,  |d 1764-1807. 
245 1 0 |a Sketch of a plan for the perpetual prevention of dearth and scarcity of provisions in Great Britain and Ireland :  |b in a letter to the Right Honourable Henry Addington ... /  |c by Robert Heron. 
264 3 |a London :  |b Printed for the author,  |c [1802?] 
264 3 |a London :  |b Printed by V. Griffiths 
300 |a 47 pages ;  |c 21 cm. 
336 |a text  |b txt  |2 rdacontent 
337 |a computer  |b c  |2 rdamedia 
338 |a online resource  |b cr  |2 rdacarrier 
500 |a Reproduction of original from Widener Library, Harvard University. 
500 |a Goldsmiths'-Kress number 18564.6. 
510 4 |a OCLC,  |c 16556594 
533 |a Electronic reproduction.  |b Farmington Hills, Mich. :  |c Thomson Gale,  |d 2005.  |f (The making of the modern world).  |n Available via the World Wide Web.  |n Access limited to licensing agreements.  |7 s2005 miunns 
500 |a Electronic resource. 
650 0 |a Food supply  |z Great Britain. 
651 0 |a Great Britain  |x Economic conditions  |y 19th century. 
655 0 |a Electronic books. 
700 1 |a Sidmouth, Henry Addington,  |c Viscount,  |d 1757-1844. 
830 0 |a Making of the modern world (Goldsmiths'-Kress Library of Economic Literature) 
856 4 0 |u http://proxy.library.tamu.edu/login?url=http://galenet.galegroup.com/servlet/MOME?af=RN&ae=U102758193&srchtp=a&ste=14&locID=txshracd2898  |z Connect to the full text of this electronic book  |t 0 
999 |a MARS 
999 f f |s 23b3e530-288c-3a0c-ab94-1c98c78b8687  |i 58eab337-1878-32f4-ac51-43accac1e5fa  |t 0 
952 f f |a Texas A&M University  |b College Station  |c Electronic Resources  |d Available Online  |t 0  |h No information provided 
998 f f |t 0  |l Available Online